000 01138nam a22002657a 4500
005 20100813141824.0
010 _aHIN-90136
020 _a818072056X
_c175.00
035 _aHN-62482
037 _bDBAD / PUB
082 _a821
100 _aदेवदास 'बिस्मिल'
_912663
245 _aदरख़्तों के लम्बे होते साये /
_cदेवदास 'बिस्मिल'
246 _aDarakhton Ke Lambe Hote Saye
_bby Devdas 'Bismil'
260 _aनई दिल्ली
_bबाल सभा प्रकाशन
_c2009
270 _aभूलभुल्लैयाँ रोड़, महरौली
_bनई दिल्ली
_e110030
_k011-26643982
300 _a150पृ
_c22सेमी (सजिल्द)
650 _bहिन्दी कविता
_9697
650 _bHindi Poetry
_9698
700 _97228
700 _97267
700 _97698
942 _adpl
_cHN
_k
_2ddc
_mदेवदा
_h821
999 _c41633
_d41633